La actitud intencional /
Guardado en:
| Autor Principal: | |
|---|---|
| Otros Autores: | |
| Formato: | Libro |
| Publicado: |
Barcelona :
Gedisa,
1991
|
| Materias: | |
| Etiquetas: |
Agregar Etiqueta
Sin Etiquetas, Sea el primero en etiquetar este registro!
|
| LEADER | 00571nam a22001815a 4500 | ||
|---|---|---|---|
| 001 | EHU.bham042016 | ||
| 008 | 130507s1991##################000#0#####d | ||
| 005 | 20220804073948.0 | ||
| 245 | 1 | 0 | |a La actitud intencional / |c Daniel C. Dennett ; trad. por Daniel Zadunaisky. |
| 260 | |a Barcelona : |b Gedisa, |c 1991 | ||
| 300 | |a 343 p. | ||
| 020 | |a 8474323959 | ||
| 100 | 1 | |a Dennett, Daniel C. | |
| 700 | 1 | |a Zadunaisky, Daniel, trad. | |
| 082 | 1 | 4 | |a 142 |
| 653 | |a Filosofía-intencionalidad | ||
| 653 | |a Etología cognitiva | ||
| 859 | |a AR-BHAM |b BIB. HUMANIDADES - General |h 142 |i D411 |p 18.13 |t Ej.1 | ||
